Formalized recursive functionals and formalized realizability
Αποθηκεύτηκε σε:
| Κύριος συγγραφέας: | |
|---|---|
| Μορφή: | Βιβλίο |
| Γλώσσα: | English |
| Δημοσίευση: |
Providence, R.I. :
American Mathematical Society,
1969
|
| Σειρά: | Memoirs of the American Mathematical Society ;
; 89 |
| Θέματα: | |
| Ετικέτες: |
Προσθήκη ετικέτας
Δεν υπάρχουν, Καταχωρήστε ετικέτα πρώτοι!
|
MARC
| LEADER | 00000nam a2200000 i 4500 | ||
|---|---|---|---|
| 001 | 1/45675 | ||
| 008 | 941103s1969 eng d | ||
| 020 | |a 0-8218-1289-0 | ||
| 035 | |a 1993 |l 10042602 | ||
| 040 | |a GR-MY-UA |b gre |e aacr | ||
| 041 | 0 | |a eng | |
| 082 | 0 | |a 511.35 | |
| 100 | 1 | |a Kleene, Stephen Cole |d 1909- | |
| 245 | 1 | 0 | |a Formalized recursive functionals and formalized realizability / |c by S.C. Kleene |
| 260 | |a Providence, R.I. : |b American Mathematical Society, |c 1969 | ||
| 300 | |a 106 p.; |c 26 cm. | ||
| 490 | 1 | |a Memoirs of the American Mathematical Society |v ; 89 | |
| 500 | |a Bibliography: p. 104-106 | ||
| 650 | 0 | 0 | |a Recursive functions. |
| 830 | 0 | |a Memoirs of the American Mathematical Society ; |v ; 89 | |
| 852 | |a INST |b SAMOS |e 19941103 |h 511.35 KLE |p 005300002680 |q 005300002680 |t BK |y 0 | ||
| 909 | |a Σ |b 030555 | ||